MDQL
is popping MORE tags! Check the
thread
!
Quizzes
Events
Quiz Creation
Community
Videos
Private Events
Remove Ads
Sign In
Join for FREE
Feedback
Dark Mode
Quiz Categories
Sports
Geography
Music
Movies
Television
Just For Fun
Miscellaneous
History
Literature
Language
Science
Gaming
Entertainment
Religion
Holiday
For Kids
Quiz Lab
Recent
Popular Today
Quiz Kudos Today
Editor Picks
Curator Picks
Quizzes by...
Day
Popularity
Type
Ratings
Length
Year
Community
Subscriptions
Recent Discussions
Orange Saloon
Badges
Playlists
Quests
Create
Leaderboards
Showdown
Live 5
Trivia Bingo
Activity
Puzzle Library
Sporcle Events
Private Events
Virtual Trivia
Globe League
Become a Host
Pub Owners
SporcleCon
Opinionation
Our Games
Videos
Blog
Mobile Apps
Partnerships
Remove Ads and Go Orange
Feedback
Television
TV Characters
TV Show
Sitcom
Network
Friends
Reality Shows
Cast
South Park
Star Trek
The Simpsons
Doctor Who
Television
TV Characters
TV Show
Sitcom
Network
Friends
Reality Shows
Cast
South Park
Star Trek
The Simpsons
Doctor Who
Random Quiz
Search Sporcle
×
Quiz Lab
Quiz Lab
Television
Lyrics
Select answers by clicking on text or image buttons
Select answers by clicking on text or image buttons
Clickable
Best Score? Go Orange.
Total Drama World Tour - Song Line Match Stats
Can you pick the Total Drama World Tour - Song Line Match
By
SideshowJazz1
4m
29 Questions
3,246 Plays
3,246 Plays
3,246 Plays
Comments
Comments
Give Quiz Kudos
Give Quiz Kudos
-
- Ratings
hide this ad
More Info
Forced Order
Answers have to be entered in order
Answers have to be entered in order
Random Order
Randomize order of answers
Randomize order of answers
Replay
Link that replays current quiz
Next Quiz
Link to next quiz in quiz playlist
You Got
0%
They Got
Avg Score
53%
Avg Friend Score
Upgrade to see
Score Distribution
Jump to the score distribution portion of the page
Score
0/29
Timer
04:00
0
Plays Today
% Correct
We are shearing...yeah!
65.6%
She's not so famous, turns out she's not so famous!
64.7%
There's still so much to do before we die!
64.3%
Thanks, my sweet condor, now I'm in the final three!
62.9%
Wake up, wake up!
61.5%
Wildly, madly, crazily, oh so completely, infinitely beyond sorry.
61%
We built Gwen's face, yeah, yeah, yeah, yeah!
60.5%
Cody's in First Class with me, and my Love Me tea!
60.5%
No you can't catch me, with the sea shanty!
60.4%
And the boy won't even take you outside!
60.3%
Stuck, stuck, stuck to a pole!
59.8%
Why'd I ever let you go?
59.2%
Oh, Tyler, Tyler, Tyler, Tyler, back you came!
59%
Thanks, Mr Boar-Bear, I guess I win this game!
57.6%
This sucks...YEAH!
57.4%
% Correct
It's Mildred!
54.9%
Sisters, come together now, make him see what we're all about - revenge!
53.4%
You're gonna get what's coming to you if it's the last thing I ever do!
53%
Oh, I'm winning this time, yeah, yeah, yeah!
50.5%
Totally hosed!
48.4%
Give it some love, and some dough.
48.4%
Til' the Amazons win!
46.6%
Gwen's a boyfriend stealer! Duncan's a dead man!
45%
Out, ooh, oh yeah, yeah...yeah.
44.3%
But there's a bill to be paid!
43.2%
It's time for you to say bye, bye, bye!
41.5%
Seasonal, eh? No, wait!
39.5%
Cause I just did it.
38.2%
You make my heart rupture!
36.6%
Quiz Playlist
Details
Report
Send in Message
Add To Playlist
More Info:
I give you the first lyric of a song, you find the last lyric.
Clickable:
Select answers by clicking on text or image buttons
Forced Order:
Answers have to be entered in order
Random Order:
Randomize order of answers
Last Updated: Sep 18, 2017
Quiz Scoreboard
CHALLENGE
Sign Up to Join the Scoreboard
Show All
Scores
Hide
Comments
May contain spoilers
Recently Published
Colored Red Africa Blitz
by spor1
Geography
30s
Find the 'City' Movie
by crazypaving
Movies
60s
5x2 Blitz: Bands
by SL_Kpop136
Music
30s
More to Explore
Quiz From the Vault
Featured Blog Post
14 Easter Pick-up Lines to Find Eggs With
hide this ad
You Might Also Like...
Tags
Lyrics Quiz
Match Lyrics
Total Drama
Total Drama World Tour
Today's Top Quizzes in Television
Browse Television
hide this ad
Today's Top Quizzes in Lyrics
Browse Lyrics
Top Contributed Quizzes in Television
1
Survivor Journey Challenge
2
Adjectives in 80s TV Shows
3
Adjectives in 00s TV Shows
4
5-to-1: The Simpsons Families
5
Adjectives in 10s TV Shows
6
5-to-1: Television Doctors
7
7-to-1: TV Show Settings
8
Adjectives in 70s TV Shows
9
5-to-1: Streaming Originals
10
Survivor Seasons
Explore More
Trending Topics
Marvel
NBA
Kpop
Crossword
Harry Potter
Anime
Disney
Country
NFL
Soccer
The Office
Song
WWE
Puzzle
Pokémon
hide this ad
More By:
SideshowJazz1
Quiz
Plays
Rating
Category
Featured
Created
Guess The Taylor Swift Song
4,512
4.33
Music
Feb 25, 2015
Total Drama World Tour - Song Line Match
3,246
4.67
Television
Nov 30, 2014
Total Drama - Character's First Line
2,239
5.00
Television
Mar 23, 2015
Total Drama World Tour - Choose The Song
2,212
5.00
Television
Sep 22, 2014
Total Drama World Tour - Choose The Lyric
1,731
4.00
Television
Nov 20, 2014
Go to Creator's Profile
Score Distribution
Quiz Creator Spotlight
SideshowJazz1
Follow
Send a Message
Quizzes Created
-
Created Quiz Play Count
-
More By This Creator
Popular Quizzes Today
1
5x2 Blitz: Bands
2
Find the 'City' Movie
3
Find the US States - No Outlines Minefield
4
Colored Red Africa Blitz
5
The Countries of the World
6
Find the US States
7
9x9 Crossword: Cartoon Network
8
Risky Map Clicking: Biggest States A-Z
More Television Quizzes
Name the Produce 101 trainees
Quiz Lab
Trending Quizzes
Colored Red Africa Blitz II
Colored Red Europe Blitz I
Find the 'Dark' Movie
Find the 'Day' Movie
Find the 'Good' Movie
Recently Updated
Champions League XIs: Real Madrid
pecheneg
Largest US Cities 1790-2010
pecheneg
Rides in Walt Disney World
pecheneg
Most Oscar Losses (Acting)
pecheneg
Beyoncé Albums
pecheneg
Leaping Animals
pecheneg
Reality TV Shows (A-Z)
bhenderson79
Rickey Henderson's Hall of Fame Teammates
pecheneg
Champions League XIs: Arsenal
pecheneg
Quick Pick: Celebrities in WWE's Hall of Fame
aduchscher
Trending Topics
Harry Potter
Crossword
Disney
Anime
Marvel
NBA
Kpop
Puzzle
Pokémon
Song
WWE
Soccer
Country
NFL
The Office
Your Account Isn't Verified!
In order to create a playlist on Sporcle, you need to verify the email address you used during registration. Go to your
Sporcle Settings
to finish the process.
Report this User
Report this user for behavior that violates our
Community Guidelines
.
Details:
Send Report
Go to the Sporcle.com Mobile Site →
Comments